Nitra

Zobrazenie: Pohľad v bielom orámovaní na Nitriansky hrad z parku pod ním. Vľavo v popredí vidno fontánu

Bibliographic Details
Other Authors: Šmátrala, Milan (fotograf) (Photographer)
Format: Postcard
Language:Slovak
PhysicalDescription:1 pohľadnica farebná 11 x 15 cm
Published: Bratislava Danubiapress 1994
Subjects:

MARC

LEADER 00000ckm a2200000 a 4500
001 vtls001248547
003 SK-MaSNL
005 20260512123232.0
007 kp co
008 230706s1994 xo g 0kuslo
015 |a SNBG1994 
035 |a SNK000199366 
035 |a 4819CCDA-FA03-4819-9DC2-5F682BB86051 
035 |a urn:nbn:sk:snk-km00gj22 
040 |a SNK  |b slo  |c SNK  |e AACR2 
041 0 |a slo 
043 |a e-xo--- 
044 |a xo  |c SK 
072 7 |a 913  |x Regionálna geografia  |2 konspekt 
080 |a 913(437.6)  |2 2011 
080 |a 904:72  |2 2011 
080 |a 904(084.121)  |2 2011 
080 |a 728.81  |2 2011 
080 |a 725.948  |2 2011 
080 |a 712.253  |2 2011 
080 |a 913.437.622(084.121)  |2 1981 
100 1 |a Šmátrala, Milan  |c (fotograf)  |4 pht  |9 164919 
245 1 |a Nitra  |h grafika  |c foto: Milan Šmátrala 
246 1 |i Názov na obrazovej časti:  |a Nitra 
260 |a Bratislava  |b Danubiapress  |c 1994 
300 |a 1 pohľadnica  |b farebná  |c 11 x 15 cm 
520 8 |a Zobrazenie: Pohľad v bielom orámovaní na Nitriansky hrad z parku pod ním. Vľavo v popredí vidno fontánu 
610 2 7 |a Nitriansky hrad  |2 SNKKA  |9 165089 
650 0 7 |a hrady  |2 SNKPH  |9 3039 
650 0 7 |a mestské parky  |2 SNKPH  |9 24164 
650 0 7 |a fontány  |2 SNKPH  |9 3014 
650 0 7 |a národné kultúrne pamiatky  |2 SNKPH  |9 31192 
651 7 |a Nitra (Slovensko)  |2 SNKPHgeo  |9 15714 
655 7 |a miestne pohľadnice  |2 SNKPH  |9 70510 
655 7 |a pohľadnice kultúrnych pamiatok  |2 SNKPH  |9 70523 
852 |a Slovenská národná knižnica 
958 |a GBN 
958 |a GC 
958 |a OND 
999 |c 711751  |d 713681 
952 |a SNK  |b SNK  |y PREZ  |7 0  |p 17A1410630  |o snkSP 147362  |i snkPV 215/94  |0 0  |1 0  |4 0  |d 2020-11-09  |f 1  |l 0  |r 2026-02-23 21:34:40  |w 2026-02-23 
952 |a SNK  |b SNK  |y PREZ  |7 0  |p 17A1410631  |o snkSP 147362 D1  |i snkPV 216/94  |0 0  |1 0  |4 0  |d 2020-11-09  |l 0  |r 2026-02-23 21:34:40  |w 2026-02-23